Gema membelah gema 9 : (Record no. 30627)

MARC details
000 -LEADER
fixed length control field 00763nam a2200253 i 4500
001 - CONTROL NUMBER
control field C2-0116449
003 - CONTROL NUMBER IDENTIFIER
control field PPAK
005 - DATE AND TIME OF LATEST TRANSACTION
control field 20180727105836.0
008 - FIXED-LENGTH DATA ELEMENTS--GENERAL INFORMATION
fixed length control field 970721s1988 my |||| ||||| | may d
040 ## - CATALOGING SOURCE
Original cataloging agency PPAK
Language of cataloging eng
Transcribing agency PPAK
Description conventions rda
082 04 - DEWEY DECIMAL CLASSIFICATION NUMBER
Classification number 899.231
Edition number 23
090 00 - LOCALLY ASSIGNED LC-TYPE CALL NUMBER (OCLC); LOCAL CALL NUMBER (RLIN)
Classification number (OCLC) (R) ; Classification number, CALL (RLIN) (NR) 899.231
Feature heading GEM
Feature heading KAR
Classification number (OCLC) (R) ; Classification number, CALL (RLIN) (NR) 899.231
Feature heading GEM
Feature heading KIH
Classification number (OCLC) (R) ; Classification number, CALL (RLIN) (NR) 899.231
Feature heading GEM
Feature heading KK
245 00 - TITLE STATEMENT
Title Gema membelah gema 9 :
Remainder of title antologi puisi Hari Puisi Nasional Kesebelas
264 #1 - PRODUCTION, PUBLICATION, DISTRIBUTION, MANUFACTURE, AND COPYRIGHT NOTICE
Place of production, publication, distribution, manufacture Kuala Terangganu, Terengganu :
Name of producer, publisher, distributor, manufacturer Jawatankuasa Penyelenggara Hari Puisi Nasional Kesebelas ,
Date of production, publication, distribution, manufacture, or copyright notice 1988
300 ## - PHYSICAL DESCRIPTION
Extent ix, 75 pages ;
Dimensions 20 cm
336 ## - CONTENT TYPE
Source rdacontent
Content type term text
337 ## - MEDIA TYPE
Source rdamedia
Media type term unmediated
338 ## - CARRIER TYPE
Source rdacarrier
Carrier type term volume
650 10 - SUBJECT ADDED ENTRY--TOPICAL TERM
Topical term or geographic name entry element Malay poetry.
700 ## - ADDED ENTRY--PERSONAL NAME
Relator term author
942 ## - ADDED ENTRY ELEMENTS (KOHA)
-- dc
Koha item type Book
Holdings
Withdrawn Not for loan Current library Shelving location Date acquired Full call number Barcode Date last seen Koha item type
  Not For Loan Perpustakaan Alor Setar Koleksi Ismail Hussein 26/09/1998 KIH 899.231 GEM A00175885 08/05/2018 Book
  Not For Loan Perpustakaan Alor Setar Koleksi Kedah 20/01/2016 KK 899.231 GEM A00366660 08/05/2018 Book
  Not For Loan Perpustakaan Alor Setar Koleksi Kedah 20/01/2016 KK 899.231 GEM A00366661 08/05/2018 Book
  Not For Loan Perpustakaan Alor Setar Koleksi Ismail Hussein 25/05/2015 KIH 899.231 GEM A00180641 08/05/2018 Book
  Not For Loan Perpustakaan Baling Koleksi A.Rahmad 08/07/2004 KAR 899.231 GEM A00500141 08/05/2018 Book